Statistieken voor Nicaragua Trivia Quiz

Klik hier om de quiz te nemen!

Algemene statistieken

  • Deze quiz is 223 keer genomen
  • De gemiddelde score is 11 van 20

Antwoordstatistieken

HintAntwoord% Correct
Officiële taalSpaans
99%
Aangrenzende landenHonduras
89%
Aangrenzende landenCosta Rica
88%
Hoofdstad van NicaraguaManagua
79%
Land dat Nicaragua bezette tijdens de bananenoorlogen tussen 1912 en 1933Verenigde Staten
70%
Grote zee grenzend aan Nicaragua in het oostenCaribische zee
69%
Meest populaire sportHonkbal
67%
Land dat het bovenstaande beheerste tussen 1638–1787 en 1844–1860Verenigd Koninkrijk
62%
De VS waren van plan er één te bouwen door heel Nicaragua, maar uiteindelijk bouwde het dit verder naar het zuidenKanaal
58%
Grootste meerMeer van Nicaragua
52%
Het grootste eiland in dat meer heeft twee _____, genaamd Concepción en MaderasVulkanen
46%
Leider van Nicaragua sinds 2007Daniel {Ortega}
44%
Het bovenstaande is het enige grote zoetwatermeer ter wereld waar dit soort vissen levenHaaien
42%
Oudste Europese stad op het vasteland van Amerika, vernoemd naar een stad in Zuid-SpanjeGranada
40%
Oprichter van die twee steden, naamgever van de munteenheid van NicaraguaFrancisco Hernández
de {Córdoba}
39%
De op een na meest bevolkte stad van Nicaragua, vernoemd naar een stad in het noorden van SpanjeLeón
35%
Radicale socialistische politieke partij die Nicaragua regeerde van 1979 tot 1990Sandinista
34%
Onaangenaam klinkende historische naam voor de oostkust van Nicaragua{Muggen}kust
31%
Naam voor de rebellengroepen die tegen het bovenstaande waren en die geld en wapens ontvingen van bepaalde elementen in de VS, waaronder Oliver NorthContras
28%
Rivier die een groot deel van de noordgrens van Nicaragua vormtCocorivier
24%

Scoreverdeling

Percentiel versus Aantal Correcte Antwoorden

Procent van Mensen met Elke Score

Uw Scoregeschiedenis

U heeft deze quiz nog niet genomen